Loading...
| Literature - World Literature | 0 | 3 | 0 | 0 | 30 | 82 | 95.67 | 0 | 2 |
| Religion | 0 | 3 | 0 | 1 | 30 | 88 | 118.33 | 0 | 2 |
| Fine Arts - Classical Music | 0 | 3 | 1 | 0 | 25 | 111 | 116.00 | 0 | 1 |
| Social Science | 0 | 2 | 0 | 0 | 20 | 78 | 83.50 | 0 | 0 |
| Mythology | 0 | 2 | 0 | 0 | 20 | 92 | 111.50 | 0 | 0 |
| Science - Chemistry | 0 | 3 | 2 | 0 | 20 | 77 | 84.00 | 1 | 3 |
| History - American History | 0 | 1 | 0 | 0 | 10 | 107 | 107.00 | 0 | 0 |
| Science - Biology | 0 | 2 | 2 | 1 | 10 | 70 | 95.50 | 0 | 0 |
| Pop Culture | 0 | 1 | 0 | 1 | 10 | 133 | 133.00 | 0 | 0 |
| Science - Physics | 0 | 1 | 1 | 0 | 5 | 79 | 79.00 | 0 | 1 |
| Fine Arts - Other Fine Arts | 0 | 1 | 2 | 0 | 0 | 104 | 104.00 | 0 | 0 |